Bộ luật tố tụng hình sự của nước Cộng Hoà Xã Hội chủ nghĩa Việt Nam

Bộ luật này quy định trình tự, thủ tục tiến hành các hoạt động khởi tố, điều tra, truy tố, xét xử và thi hành án hình sự

Na minha lista:
Detalhes bibliográficos
Nhiều tác giả của công ty: Việt Nam (cộng hòa Xã hội chủ nghĩa), Quốc hội
Formato: Livro
Idioma:Undetermined
Publicado em: Hà Nội Chính trị Quốc gia 2004
Assuntos:
Tags: Adicionar Tag
Sem tags, seja o primeiro a adicionar uma tag!
Thư viện lưu trữ: Trung tâm Học liệu Trường Đại học Cần Thơ
LEADER 00919nam a2200229Ia 4500
001 CTU_64450
008 210402s9999 xx 000 0 und d
020 |b 18000 
020 |c 18000 
082 |a 345.59705 
082 |b V308 
110 |a Việt Nam (cộng hòa Xã hội chủ nghĩa) 
110 |b Quốc hội 
245 0 |a Bộ luật tố tụng hình sự của nước Cộng Hoà Xã Hội chủ nghĩa Việt Nam 
245 0 |c Việt Nam. Quốc hội 
260 |a Hà Nội 
260 |b Chính trị Quốc gia 
260 |c 2004 
520 |a Bộ luật này quy định trình tự, thủ tục tiến hành các hoạt động khởi tố, điều tra, truy tố, xét xử và thi hành án hình sự 
650 |a Criminal procedure 
904 |i Minh 
980 |a Trung tâm Học liệu Trường Đại học Cần Thơ